|
|
|
|
| LEADER |
01376nam a2200361 4500 |
| 001 |
39181 |
| 003 |
BD-DhAAL |
| 005 |
20220721101818.0 |
| 008 |
220721t1969 mau b 001 0 eng d |
| 999 |
|
|
|c 44426
|d 44426
|
| 010 |
|
|
|a 72079530
|
| 020 |
|
|
|a 9780201407518 (pbk)
|
| 020 |
|
|
|a 9780201003611 (hbk)
|
| 040 |
|
|
|a DLC
|c DLC
|d DLC
|d BD-DhAAL
|
| 050 |
0 |
0 |
|a QA251
|b .A8
|
| 082 |
0 |
0 |
|a 512.815
|
| 100 |
1 |
|
|a Atiyah, Michael Francis,
|d 1929-2019.
|9 50049
|
| 245 |
1 |
0 |
|a Introduction to commutative algebra /
|c M. F. Atiyah and I. G. Macdonald.
|
| 260 |
|
|
|a Reading, Mass. :
|b Addison-Wesley Pub. Co.,
|c c1969.
|
| 300 |
|
|
|a viii, 128 pages ;
|c 25 cm.
|
| 490 |
0 |
|
|a Addison-Wesley series in mathematics
|
| 500 |
|
|
|a Includes index.
|
| 526 |
|
|
|a MNS
|
| 541 |
|
|
|a Book Finder International
|e 39181
|
| 650 |
|
0 |
|a Commutative algebra.
|9 50050
|
| 650 |
|
0 |
|a Rings (Algebra).
|9 50051
|
| 650 |
|
0 |
|a Commutative rings.
|9 50052
|
| 650 |
|
0 |
|a Mathematics.
|9 50053
|
| 700 |
1 |
|
|a Macdonald, I. G.
|q (Ian Grant),
|e joint author.
|9 50054
|
| 830 |
|
|
|a Addison-Wesley series in mathematics
|9 50055
|
| 852 |
|
|
|a Ayesha Abed Library
|c General Stacks
|
| 942 |
|
|
|2 ddc
|c BK
|
| 952 |
|
|
|0 0
|1 0
|2 ddc
|4 0
|6 512_815000000000000_ATI
|7 0
|9 71273
|a BRACUL
|b BRACUL
|c GEN
|d 2022-07-18
|e Book Finder International
|g 4552.51
|l 5
|m 24
|o 512.815 ATI
|p 3010039181
|q 2026-05-20
|r 2026-04-12
|s 2026-04-12
|t 1
|v 4552.51
|w 2022-07-18
|y BK
|